| 000 | 00849cam a22002411 4500 | ||
|---|---|---|---|
| 001 | sa 68008327 | ||
| 003 | DLC | ||
| 005 | 20260227112531.0 | ||
| 008 | 681219s1967 ii b 000 0 eng | ||
| 010 | _asa 68008327 | ||
| 040 |
_aDLC _cDLC _dDLC |
||
| 050 | 0 | 0 |
_aHC437.G6 _bP3 |
| 082 | 0 | 0 | _a330.954/799 |
| 100 | 1 | _aPadki, M. B. | |
| 245 | 1 | 0 |
_aUtilization of local resources: _ba case study of Goa _c[by] M. B. Padki, S. H. Pore [and] S. W. Muranjan. |
| 260 |
_aPoona, India, _bGokhale Institute of Politics and Economics _c[1967] |
||
| 300 |
_axii, 301 p. _bmaps. _c32 cm. |
||
| 490 | 0 |
_aGokhale Institute mimeograph series ; _vno. 1 |
|
| 651 | 0 |
_aGoa, Daman and Diu (India) _xEconomic conditions. |
|
| 651 | 0 |
_aGoa, Daman and Diu (India) _xEconomic policy. |
|
| 700 | 1 |
_aPore, S. H., _ejoint author. |
|
| 700 | 1 |
_aMuranjan, S. W., _ejoint author. |
|
| 999 |
_c82358 _d82358 |
||